[Event "SVK-chT1W 2223"]
[Site "Slovakia"]
[Date "2023.03.11"]
[Round "10.3"]
[White "Lintner, Igor"]
[Black "Bochnickova, Simona"]
[Result "0-1"]
[WhiteElo "2184"]
[BlackElo "2100"]
[PlyCount "64"]
[EventDate "2022.10.15"]
[EventType "team-tourn"]
[EventRounds "11"]
[EventCountry "SVK"]
[SourceTitle "EXT 2024"]
[Source "ChessBase"]
[SourceDate "2023.10.10"]
[SourceVersion "1"]
[SourceVersionDate "2023.10.10"]
[SourceQuality "1"]
[WhiteTeam "Trnava Sered"]
[BlackTeam "Bratislava KSN"]
[WhiteTeamCountry "SVK"]
[BlackTeamCountry "SVK"]

1. e4 e5 2. Nf3 Nc6 3. Bb5 Nf6 4. d3 Ne7 5. 0-0 c6 6. Ba4 Ng6 7. d4 Be7 8. Re1 d6 9. c4 0-0 10. Nc3 Bg4 11. d5 cxd5 12. cxd5 Nh4 13. Qd3 Bxf3 14. gxf3 Qc8 15. Bd1 Nh5 16. f4 Nxf4 17. Qg3 Nhg6 18. Bg4 Qd8 19. Bf5 Bh4 20. Qf3 Rc8 21. Bxc8 Qxc8 22. Ne2 Nh3+ 23. Kg2 Bxf2 24. Qxh3 Nh4+ 25. Qxh4 Bxh4 26. Ng3 f5 27. Rf1 f4 28. Nf5 Qc2+ 29. Kh3 Rxf5 30. exf5 Qxf5+ 31. Kxh4 g5+ 32. Kh5 Qh3+ 0-1

[Event "CZE-chT1E 2223"]
[Site "Czech Republic"]
[Date "2022.11.26"]
[Round "3.3"]
[White "Delgerdalai, Bayarjavkhlan"]
[Black "Lintner, Igor"]
[Result "1-0"]
[WhiteElo "2132"]
[BlackElo "2195"]
[PlyCount "55"]
[EventDate "2022.10.08"]
[EventType "team-tourn"]
[EventRounds "11"]
[EventCountry "CZE"]
[SourceTitle "CBM 213 Extra"]
[Source "ChessBase"]
[SourceDate "2023.05.31"]
[SourceVersion "1"]
[SourceVersionDate "2023.05.31"]
[SourceQuality "1"]
[WhiteTeam "Stare Mesto"]
[BlackTeam "Vlcnov"]
[WhiteTeamCountry "CZE"]
[BlackTeamCountry "CZE"]

1. e4 c6 2. d4 d5 3. e5 Bf5 4. c4 e6 5. Nc3 Nd7 6. cxd5 cxd5 7. Bd3 Bxd3 8. Qxd3 a6 9. Nge2 Ne7 10. 0-0 Rc8 11. Re1 b5 12. a3 Nb6 13. Bg5 Nc4 14. b3 Na5 15. Rac1 h6 16. Nxb5 axb5 17. Bxe7 Kxe7 18. Rxc8 Qxc8 19. Qxb5 Nc6 20. Rc1 Kd7 21. b4 Be7 22. Nf4 Rd8 23. Qb6 Qa8 24. b5 Na5 25. Rc7+ Ke8 26. Nxe6 g6 27. Nxd8 Bxd8 28. Qa6 1-0

[Event "SVK-chT1W 2122"]
[Site "Slovakia"]
[Date "2022.05.14"]
[Round "10.2"]
[White "Castiglione, Mario"]
[Black "Lintner, Igor"]
[Result "1/2-1/2"]
[WhiteElo "2247"]
[BlackElo "2208"]
[PlyCount "28"]
[EventDate "2021.11.06"]
[EventType "team-tourn"]
[EventRounds "11"]
[EventCountry "SVK"]
[SourceTitle "EXT 2023"]
[Source "ChessBase"]
[SourceDate "2022.10.05"]
[SourceVersion "1"]
[SourceVersionDate "2022.10.05"]
[SourceQuality "1"]
[WhiteTeam "Bratislava Slovan III"]
[BlackTeam "Bratislava KSN"]
[WhiteTeamCountry "SVK"]
[BlackTeamCountry "SVK"]

1. c4 e6 2. Nc3 c5 3. e4 b6 4. f4 Nc6 5. Nf3 Bb7 6. a3 Nd4 7. d3 f5 8. Be2 Nf6 9. exf5 Nxf5 10. 0-0 Be7 11. Ne5 0-0 12. Bf3 Qc8 13. Bxb7 Qxb7 14. Qf3 Qxf3 1/2-1/2

[Event "SVK-chT2A 2122"]
[Site "Slovakia"]
[Date "2022.04.30"]
[Round "10.3"]
[White "Lintner, Igor"]
[Black "Gazi, Mikulas"]
[Result "0-1"]
[WhiteElo "2208"]
[BlackElo "1995"]
[PlyCount "80"]
[EventDate "2021.10.16"]
[EventType "team-tourn"]
[EventRounds "11"]
[EventCountry "SVK"]
[SourceTitle "EXT 2023"]
[Source "ChessBase"]
[SourceDate "2022.10.05"]
[SourceVersion "1"]
[SourceVersionDate "2022.10.05"]
[SourceQuality "1"]
[WhiteTeam "Trnava Sered"]
[BlackTeam "Pezinok"]
[WhiteTeamCountry "SVK"]
[BlackTeamCountry "SVK"]

1. e4 c5 2. Nf3 d6 3. d4 cxd4 4. Nxd4 Nf6 5. Nc3 g6 6. Be2 Bg7 7. Be3 0-0 8. Qd2 Nc6 9. h4 Ng4 10. Bxg4 Bxg4 11. f3 Nxd4 12. Bxd4 Bxd4 13. Qxd4 Be6 14. h5 Qa5 15. 0-0-0 Rac8 16. h6 f6 17. Nd5 Kf7 18. a3 b5 19. Ne3 Rb8 20. Qb4 Qb6 21. Nd5 Bxd5 22. exd5 Rfc8 23. Qe4 Rc4 24. Qe2 Rbc8 25. c3 R8c7 26. Rd3 a5 27. Re3 Kf8 28. Re1 e5 29. dxe6 Ke7 30. Re4 Rxe4 31. Qxe4 b4 32. Qe3 Rc5 33. axb4 axb4 34. Qd3 bxc3 35. bxc3 Qb3 36. Re3 Rd5 37. Qe2 Qa3+ 38. Kb1 Qb3+ 39. Kc1 Rb5 40. Kd2 Qb1 0-1

[Event "SVK-chT2A 2122"]
[Site "Slovakia"]
[Date "2021.11.14"]
[Round "4.2"]
[White "Kolcak, Marek"]
[Black "Lintner, Igor"]
[Result "1/2-1/2"]
[WhiteElo "2109"]
[BlackElo "2193"]
[PlyCount "52"]
[EventDate "2021.10.16"]
[EventType "team-tourn"]
[EventRounds "11"]
[EventCountry "SVK"]
[SourceTitle "EXT 2023"]
[Source "ChessBase"]
[SourceDate "2022.10.05"]
[SourceVersion "1"]
[SourceVersionDate "2022.10.05"]
[SourceQuality "1"]
[WhiteTeam "Bratislava Slovan IV"]
[BlackTeam "Trnava Sered"]
[WhiteTeamCountry "SVK"]
[BlackTeamCountry "SVK"]

1. e4 c6 2. d4 d5 3. Nc3 dxe4 4. Nxe4 Nf6 5. Nxf6+ gxf6 6. Be3 Bf5 7. Bd3 Bg6 8. Ne2 e6 9. 0-0 Nd7 10. c4 Bg7 11. Nf4 0-0 12. Nh5 Bxh5 13. Qxh5 f5 14. Bg5 Qe8 15. Bh6 f6 16. Qxe8 Rfxe8 17. Bxg7 Kxg7 18. d5 Ne5 19. Bc2 cxd5 20. cxd5 exd5 21. Bxf5 Rad8 22. Rac1 Re7 23. Rfe1 Rde8 24. Kf1 Nc4 25. Rxe7+ Rxe7 26. Rc2 Nd6 1/2-1/2

[Event "CZE-chT1E 2122"]
[Site "Czech Republic"]
[Date "2021.10.09"]
[Round "1.3"]
[White "Malik, Jan"]
[Black "Lintner, Igor"]
[Result "1-0"]
[WhiteElo "2288"]
[BlackElo "2202"]
[PlyCount "53"]
[EventDate "2021.10.09"]
[EventType "team-tourn"]
[EventRounds "11"]
[EventCountry "CZE"]
[SourceTitle "EXT 2023"]
[Source "ChessBase"]
[SourceDate "2022.10.05"]
[SourceVersion "1"]
[SourceVersionDate "2022.10.05"]
[SourceQuality "1"]
[WhiteTeam "Poruba Slavoj II"]
[BlackTeam "Vlcnov"]
[WhiteTeamCountry "CZE"]
[BlackTeamCountry "CZE"]

1. e4 c6 2. d4 d5 3. exd5 cxd5 4. c4 Nf6 5. Nc3 Nc6 6. Nf3 Be6 7. c5 g6 8. b4 Ne4 9. Bb2 Nxb4 10. Qb3 Qa5 11. Bb5+ Kd8 12. Be2 Bg7 13. 0-0 Kc8 14. a3 Nc6 15. Rab1 Rd8 16. Rfd1 Nxc5 17. dxc5 d4 18. Nd5 Bxd5 19. Bc4 Bxc4 20. Qxc4 e5 21. Ng5 Rd7 22. Nxf7 Kc7 23. Nd6 b6 24. Nb5+ Kb7 25. Bc3 Qa6 26. Nd6+ Rxd6 27. Qf7+ 1-0

[Event "Pardubice Czech op-A 32nd"]
[Site "Pardubice"]
[Date "2021.07.31"]
[Round "9"]
[White "Lintner, Igor"]
[Black "Kjartansson, Gudmundur"]
[Result "0-1"]
[WhiteElo "2228"]
[BlackElo "2496"]
[PlyCount "132"]
[EventDate "2021.07.23"]
[EventType "swiss"]
[EventRounds "9"]
[EventCountry "CZE"]
[SourceTitle "CBM 203 Extra"]
[Source "ChessBase"]
[SourceDate "2021.09.30"]
[SourceVersion "1"]
[SourceVersionDate "2021.09.30"]
[SourceQuality "1"]

1. d4 Nf6 2. Nf3 b6 3. g3 Bb7 4. Bg2 g6 5. 0-0 Bg7 6. c4 0-0 7. Nc3 Ne4 8. Nxe4 Bxe4 9. Ng5 Bxg2 10. Kxg2 d5 11. cxd5 Qxd5+ 12. Nf3 c5 13. dxc5 Qxc5 14. Qb3 Nc6 15. Be3 Qb4 16. Qxb4 Nxb4 17. Bd4 Rfc8 18. Bxg7 Kxg7 19. a3 Nc6 20. Rfd1 Na5 21. Rac1 Nc4 22. Rb1 Rc7 23. Nd4 Rc5 24. b4 Rd5 25. Nc6 Nxa3 26. Rxd5 Nxb1 27. Nxe7 a5 28. bxa5 bxa5 29. Rb5 Nc3 30. Rb3 Nxe2 31. Nc6 Ra6 32. Nb8 Nd4 33. Ra3 Rb6 34. Nd7 Rb5 35. Rc3 Ne6 36. Rc6 Rd5 37. Nb6 Rd4 38. Rc8 Rb4 39. Nc4 a4 40. h4 h5 41. Kh3 Nd4 42. Rc7 Ne6 43. Rc8 Nd4 44. Rc7 Nb5 45. Rb7 Rxc4 46. Rxb5 a3 47. Ra5 Rc3 48. Ra6 Kf8 49. Ra7 Ke8 50. Kg2 f6 51. Kh3 Kd8 52. Ra6 Kc7 53. Rxf6 Kb7 54. Rd6 a2 55. Rd1 Kc6 56. Ra1 Ra3 57. f3 Kd5 58. Kg2 Kd4 59. g4 hxg4 60. fxg4 Kc3 61. Rxa2 Rxa2+ 62. Kg3 Kd4 63. Kf4 Ra5 64. g5 Rf5+ 65. Kg4 Ke5 66. h5 Rf4+ 0-1

[Event "SVK-chT 1920"]
[Site "Slovakia"]
[Date "2019.11.24"]
[Round "4.5"]
[White "Mikrut, Dariusz"]
[Black "Lintner, Igor"]
[Result "1-0"]
[WhiteElo "2382"]
[BlackElo "2215"]
[PlyCount "45"]
[EventDate "2019.10.19"]
[EventType "team-tourn"]
[EventRounds "11"]
[EventCountry "SVK"]
[SourceTitle "CBM 193 Extra"]
[Source "ChessBase"]
[SourceDate "2020.01.31"]
[SourceVersion "1"]
[SourceVersionDate "2020.01.31"]
[SourceQuality "1"]
[WhiteTeam "Prakovce"]
[BlackTeam "Bratislava KSN"]
[WhiteTeamCountry "SVK"]
[BlackTeamCountry "SVK"]

1. d4 Nf6 2. Nf3 e6 3. g3 c5 4. c4 b6 5. Bg2 Bb7 6. d5 exd5 7. Nh4 g6 8. Nc3 Bg7 9. cxd5 d6 10. Qa4+ Qd7 11. Qxd7+ Nbxd7 12. Bf4 Ke7 13. Bxd6+ Kxd6 14. Nb5+ Ke7 15. d6+ Ke6 16. Bxb7 Rab8 17. Bg2 Ne8 18. 0-0-0 Bh6+ 19. Kb1 Bg5 20. Nf3 Bd8 21. Bh3+ f5 22. e4 Kf6 23. Rhe1 1-0

[Event "SVK-chT 1920"]
[Site "Slovakia"]
[Date "2019.10.19"]
[Round "1.6"]
[White "Lintner, Igor"]
[Black "Maslik, Miroslav"]
[Result "1/2-1/2"]
[WhiteElo "2187"]
[BlackElo "2363"]
[PlyCount "85"]
[EventDate "2019.10.19"]
[EventType "team-tourn"]
[EventRounds "11"]
[EventCountry "SVK"]
[SourceTitle "CBM 192 Extra"]
[Source "Chessbase"]
[SourceDate "2019.11.06"]
[SourceVersion "1"]
[SourceVersionDate "2019.11.06"]
[SourceQuality "1"]
[WhiteTeam "Bratislava KSN"]
[BlackTeam "Modra"]
[WhiteTeamCountry "SVK"]
[BlackTeamCountry "SVK"]

1. d4 Nf6 2. Bf4 d6 3. Nc3 c6 4. e4 Qa5 5. f3 e5 6. Be3 Nbd7 7. Qd2 Be7 8. g4 0-0 9. Nge2 d5 10. g5 Nh5 11. Ng3 Nxg3 12. hxg3 exd4 13. Qh2 h6 14. gxh6 g6 15. h7+ Kh8 16. Bxd4+ Bf6 17. Bxf6+ Nxf6 18. Qh6 Be6 19. Qf4 Kg7 20. 0-0-0 dxe4 21. fxe4 g5 22. Qe3 Qe5 23. Bh3 Bxh3 24. Rxh3 Nxh7 25. Rf1 Rfe8 26. g4 Rad8 27. Rhf3 f6 28. Qxa7 Rd7 29. Qf2 Re6 30. Rd3 Red6 31. Rxd6 Rxd6 32. Qb6 Rd7 33. Qe3 Nf8 34. Rf5 Qh2 35. b3 Ng6 36. e5 Nxe5 37. Ne4 Nxg4 38. Qf3 Qg1+ 39. Kb2 Rd1 40. Nxg5 Qd4+ 41. Ka3 Qa7+ 42. Kb2 Qd4+ 43. Ka3 1/2-1/2

[Event "SVK-chT2A 1819"]
[Site "Slovakia"]
[Date "2019.04.07"]
[Round "11.1"]
[White "Lintner, Igor"]
[Black "Sukuba, Zdeno"]
[Result "1/2-1/2"]
[WhiteElo "2201"]
[BlackElo "2129"]
[PlyCount "28"]
[EventDate "2018.10.13"]
[EventType "team-tourn"]
[EventRounds "11"]
[EventCountry "SVK"]
[SourceTitle "EXT 2020"]
[Source "ChessBase"]
[SourceDate "2019.10.17"]
[SourceVersion "1"]
[SourceVersionDate "2019.10.17"]
[SourceQuality "1"]
[WhiteTeam "Gbely Nafta"]
[BlackTeam "Krasnany"]
[WhiteTeamCountry "SVK"]
[BlackTeamCountry "SVK"]

1. d4 Nf6 2. Bf4 d5 3. e3 e6 4. c3 c5 5. Nd2 Nc6 6. Be2 Be7 7. h3 a6 8. Ngf3 b5 9. 0-0 Bb7 10. Ne5 0-0 11. Bd3 c4 12. Bb1 Rc8 13. Nxc6 Bxc6 14. a3 a5 1/2-1/2

[Event "SVK-chT1W 1819"]
[Site "Slovakia"]
[Date "2019.03.17"]
[Round "11.6"]
[White "Lintner, Igor"]
[Black "Veselsky, Jozef"]
[Result "1/2-1/2"]
[WhiteElo "2199"]
[BlackElo "2169"]
[PlyCount "133"]
[EventDate "2018.10.27"]
[EventType "team-tourn"]
[EventRounds "11"]
[EventCountry "SVK"]
[SourceTitle "CBM 189 Extra"]
[Source "ChessBase"]
[SourceDate "2019.06.03"]
[SourceVersion "1"]
[SourceVersionDate "2019.06.03"]
[SourceQuality "1"]
[WhiteTeam "Bratislava KSN"]
[BlackTeam "Dunajska Streda"]
[WhiteTeamCountry "SVK"]
[BlackTeamCountry "SVK"]

1. e4 c5 2. Nf3 Nc6 3. d4 cxd4 4. Nxd4 Nf6 5. Nc3 d6 6. g3 g6 7. Bg2 Bg7 8. 0-0 0-0 9. Nde2 Bd7 10. h3 Rc8 11. Be3 a6 12. Nd5 Nxd5 13. exd5 Ne5 14. Bd4 Bb5 15. Re1 Bxe2 16. Rxe2 Re8 17. c3 Nd7 18. Bxg7 Kxg7 19. Qd4+ Kg8 20. Rae1 Nb6 21. h4 Rc4 22. Qd2 Kg7 23. h5 Nd7 24. b3 Rc5 25. Qd4+ f6 26. g4 g5 27. h6+ Kxh6 28. f4 gxf4 29. Qxf4+ Kg7 30. g5 Ne5 31. Be4 e6 32. Qh4 f5 33. Rh2 h5 34. Bg2 Rxc3 35. dxe6 Rh8 36. Qb4 Qc7 37. Qxb7 Qxb7 38. Bxb7 Re8 39. Rxh5 Rxe6 40. Rf1 Ng4 41. g6 Rxg6 42. Kh1 a5 43. Rhxf5 Rc7 44. Bd5 Rh6+ 45. Kg1 Ne3 46. Rg5+ Rg6 47. Rxg6+ Kxg6 48. Be4+ Kg5 49. Rf3 d5 50. Bd3 d4 51. Kf2 Rc1 52. Rf8 Ra1 53. a4 Ra2+ 54. Kf3 Rb2 55. Rb8 Rd2 56. Rb5+ Kf6 57. Ke4 Nd1 58. Kxd4 Nf2 59. Ke3 Rxd3+ 60. Kxf2 Ke6 61. Ke2 Rd5 62. Rb8 Kd7 63. Ke3 Kc7 64. Ke4 Rh5 65. Ra8 Rh3 66. Rxa5 Rxb3 67. Kd5 1/2-1/2

[Event "SVK-chT2A 1819"]
[Site "Slovakia"]
[Date "2019.03.02"]
[Round "8.3"]
[White "Lintner, Igor"]
[Black "Veselsky, Jozef"]
[Result "1-0"]
[WhiteElo "2199"]
[BlackElo "2169"]
[PlyCount "65"]
[EventDate "2018.10.13"]
[EventType "team-tourn"]
[EventRounds "11"]
[EventCountry "SVK"]
[SourceTitle "EXT 2020"]
[Source "ChessBase"]
[SourceDate "2019.10.17"]
[SourceVersion "1"]
[SourceVersionDate "2019.10.17"]
[SourceQuality "1"]
[WhiteTeam "Gbely Nafta"]
[BlackTeam "Trnava Lokomotiva"]
[WhiteTeamCountry "SVK"]
[BlackTeamCountry "SVK"]

1. e4 c5 2. Nf3 Nc6 3. d4 cxd4 4. Nxd4 g6 5. c4 Bg7 6. Nc2 Nf6 7. Nc3 d6 8. Be2 0-0 9. 0-0 Bd7 10. Be3 a6 11. f3 Rb8 12. Qd2 Ne5 13. a4 Qc7 14. b3 b6 15. Nb4 Bc8 16. Ncd5 Nxd5 17. cxd5 a5 18. Rfc1 Qd8 19. Nc6 Nxc6 20. dxc6 Qc7 21. Rab1 Be6 22. b4 axb4 23. Rxb4 Qa7 24. Qd3 Rfc8 25. Qa6 Rc7 26. Rxb6 Qxa6 27. Rxb8+ Qc8 28. Rxc8+ Rxc8 29. Ba6 Re8 30. c7 Bc8 31. Bxc8 Rxc8 32. Rb1 Bf8 33. Rb8 1-0

[Event "SVK-chT 1819"]
[Site "Slovakia"]
[Date "2018.11.11"]
[Round "2.6"]
[White "Magat, Jozef"]
[Black "Lintner, Igor"]
[Result "1/2-1/2"]
[WhiteElo "2112"]
[BlackElo "2161"]
[PlyCount "150"]
[EventDate "2018.11.10"]
[EventType "team-tourn"]
[EventRounds "11"]
[EventCountry "SVK"]
[SourceTitle "CBM 187 Extra"]
[Source "ChessBase"]
[SourceDate "2018.11.04"]
[SourceVersion "1"]
[SourceVersionDate "2018.11.04"]
[SourceQuality "1"]
[WhiteTeam "Dunajov Inbest"]
[BlackTeam "Osuske"]
[WhiteTeamCountry "SVK"]
[BlackTeamCountry "SVK"]

1. d4 d5 2. Nf3 Nf6 3. Bg5 Nbd7 4. e3 e6 5. c4 Be7 6. Nc3 0-0 7. Rc1 c6 8. cxd5 Nxd5 9. Bxe7 Qxe7 10. Bd3 Nxc3 11. Rxc3 e5 12. Qc2 g6 13. 0-0 exd4 14. Nxd4 Ne5 15. Be2 Be6 16. a3 Nd7 17. Rd1 Bd5 18. Bf3 Nf6 19. Bxd5 Nxd5 20. Rcd3 Rfc8 21. h3 a5 22. Ne2 b5 23. Nd4 Qe8 24. Qd2 Nf6 25. Nb3 Ne4 26. Qc2 c5 27. Rd5 c4 28. Nc1 Nf6 29. Rd6 Rc6 30. Rxc6 Qxc6 31. Qd2 Qc5 32. Qd4 Qxd4 33. Rxd4 Rc8 34. Kf1 Kf8 35. Ke1 Ke7 36. Ne2 g5 37. Nc3 Rc5 38. f3 h6 39. Kd2 Ke6 40. e4 b4 41. Na4 Rc6 42. Kc2 Ke5 43. Rd8 Kf4 44. Ra8 Kg3 45. Rxa5 bxa3 46. bxa3 Kxg2 47. Rf5 Kxh3 48. Nc3 g4 49. fxg4 Kxg4 50. Rf1 h5 51. a4 h4 52. Ne2 c3 53. Rf4+ Kg5 54. Rf5+ Kg6 55. Rf4 h3 56. Rh4 h2 57. Rxh2 Nxe4 58. Rh3 Ra6 59. Nxc3 Nxc3 60. Rxc3 Rxa4 61. Kd3 Kg5 62. Ke3 Kg4 63. Kf2 f5 64. Kg2 Ra2+ 65. Kg1 f4 66. Rb3 Re2 67. Kf1 Rd2 68. Ra3 Rh2 69. Kg1 Re2 70. Kf1 Re3 71. Rxe3 fxe3 72. Ke2 Kf4 73. Ke1 Kf3 74. Kf1 e2+ 75. Ke1 Ke3 1/2-1/2

[Event "SVK-chT1W 1819"]
[Site "Slovakia"]
[Date "2018.10.27"]
[Round "1.3"]
[White "Kovacik, Emil"]
[Black "Lintner, Igor"]
[Result "0-1"]
[WhiteElo "2060"]
[BlackElo "2161"]
[PlyCount "52"]
[EventDate "2018.10.27"]
[EventType "team-tourn"]
[EventRounds "11"]
[EventCountry "SVK"]
[SourceTitle "CBM 187 Extra"]
[Source "ChessBase"]
[SourceDate "2018.11.04"]
[SourceVersion "1"]
[SourceVersionDate "2018.11.04"]
[SourceQuality "1"]
[WhiteTeam "Dubnica nad Vahom II"]
[BlackTeam "Bratislava KSN"]
[WhiteTeamCountry "SVK"]
[BlackTeamCountry "SVK"]

1. d4 e6 2. e4 c5 3. c3 d5 4. Nd2 Nc6 5. Ngf3 Nf6 6. Bd3 Be7 7. dxc5 Bxc5 8. 0-0 dxe4 9. Nxe4 Be7 10. Qe2 Qc7 11. Re1 Bd7 12. g3 0-0-0 13. a4 e5 14. Neg5 Rde8 15. Nxf7 Rhf8 16. N3xe5 Nxe5 17. Nxe5 Bd6 18. f4 Ng4 19. Bb5 Bc5+ 20. Kh1 Rxe5 21. fxe5 Rf2 22. Qxf2 Nxf2+ 23. Kg2 Bc6+ 24. Kf1 Qf7 25. Bf4 Bxb5+ 26. axb5 Qd5 0-1

[Event "Levice op"]
[Site "Levice"]
[Date "2018.08.02"]
[Round "1"]
[White "Kolibik, Jan"]
[Black "Lintner, Igor"]
[Result "0-1"]
[WhiteElo "1628"]
[BlackElo "2196"]
[PlyCount "42"]
[EventDate "2018.08.02"]
[EventType "swiss"]
[EventRounds "7"]
[EventCountry "SVK"]
[SourceTitle "CBM 185 Extra"]
[Source "ChessBase"]
[SourceDate "2018.07.29"]
[SourceVersion "1"]
[SourceVersionDate "2018.07.29"]
[SourceQuality "1"]

1. c4 b6 2. g3 Bb7 3. Nf3 e6 4. Bg2 Nf6 5. 0-0 Be7 6. Nc3 c5 7. a3 0-0 8. Rb1 Nc6 9. e3 d5 10. cxd5 exd5 11. d4 Re8 12. Re1 Bf8 13. b3 Rc8 14. Bb2 cxd4 15. Nxd4 Nxd4 16. exd4 Bxa3 17. Rxe8+ Qxe8 18. Qe2 Bxb2 19. Qxe8+ Nxe8 20. Nxd5 Bxd5 21. Rxb2 Rc1+ 0-1

[Event "Banska Stiavnica V4 op"]
[Site "Banska Stiavnica"]
[Date "2018.07.15"]
[Round "9"]
[White "Posa, Norbert"]
[Black "Lintner, Igor"]
[Result "0-1"]
[WhiteElo "2036"]
[BlackElo "2173"]
[PlyCount "58"]
[EventDate "2018.07.07"]
[EventType "swiss"]
[EventRounds "9"]
[EventCountry "SVK"]
[SourceTitle "CBM 185 Extra"]
[Source "ChessBase"]
[SourceDate "2018.07.29"]
[SourceVersion "1"]
[SourceVersionDate "2018.07.29"]
[SourceQuality "1"]

1. d4 e6 2. Bf4 Nf6 3. Nf3 c5 4. c3 d5 5. e3 Nc6 6. Nbd2 Be7 7. Bd3 0-0 8. h3 a6 9. a4 b6 10. 0-0 Bb7 11. Ne5 Nxe5 12. Bxe5 Qe8 13. Re1 Nd7 14. Qg4 g6 15. Bf4 f5 16. Qg3 Bf6 17. Nf3 Kh8 18. Bh6 Rg8 19. Ng5 e5 20. h4 Qe7 21. f4 e4 22. Be2 Bg7 23. Bxg7+ Rxg7 24. h5 h6 25. Nh3 gxh5 26. Qf2 Rag8 27. Bxh5 Nf6 28. Qh4 Rxg2+ 29. Kf1 Ng4 0-1

[Event "Banska Stiavnica V4 op"]
[Site "Banska Stiavnica"]
[Date "2018.07.12"]
[Round "6"]
[White "Lintner, Igor"]
[Black "Pesztericz, Laszlo"]
[Result "1-0"]
[WhiteElo "2173"]
[BlackElo "1980"]
[PlyCount "49"]
[EventDate "2018.07.07"]
[EventType "swiss"]
[EventRounds "9"]
[EventCountry "SVK"]
[SourceTitle "CBM 185 Extra"]
[Source "ChessBase"]
[SourceDate "2018.07.29"]
[SourceVersion "1"]
[SourceVersionDate "2018.07.29"]
[SourceQuality "1"]

1. d4 Nf6 2. Bf4 g6 3. Nc3 d5 4. e3 Bg7 5. h4 h5 6. Qd2 c6 7. Nf3 Nbd7 8. Ne5 0-0 9. f3 Nxe5 10. Bxe5 Bf5 11. Be2 b5 12. g4 hxg4 13. Bxf6 Bxf6 14. fxg4 Be4 15. Nxe4 dxe4 16. g5 Bh8 17. 0-0-0 e5 18. h5 exd4 19. hxg6 fxg6 20. Bg4 Qd6 21. Qg2 Be5 22. Qh3 Kf7 23. Qh7+ Ke8 24. Rdf1 Qe7 25. Rxf8+ 1-0

[Event "Banska Stiavnica V4 op"]
[Site "Banska Stiavnica"]
[Date "2018.07.10"]
[Round "4"]
[White "Lintner, Igor"]
[Black "Dylag, Emilia"]
[Result "1/2-1/2"]
[WhiteElo "2173"]
[BlackElo "1989"]
[PlyCount "86"]
[EventDate "2018.07.07"]
[EventType "swiss"]
[EventRounds "9"]
[EventCountry "SVK"]
[SourceTitle "CBM 185 Extra"]
[Source "ChessBase"]
[SourceDate "2018.07.29"]
[SourceVersion "1"]
[SourceVersionDate "2018.07.29"]
[SourceQuality "1"]

1. d4 Nf6 2. Bf4 g6 3. Nc3 Bg7 4. e4 d6 5. Qd2 h5 6. 0-0-0 Nbd7 7. f3 Nb6 8. h4 c6 9. Kb1 Qc7 10. Be2 Bd7 11. e5 Nfd5 12. exd6 Nxc3+ 13. Qxc3 exd6 14. Qa3 Bf8 15. Bd3 0-0-0 16. Qxa7 Nd5 17. Bd2 b5 18. Qa8+ Qb8 19. Qa5 Qb6 20. Qxb6 Nxb6 21. Ne2 Bg7 22. c3 Kc7 23. Rhe1 Ra8 24. Nc1 Bf6 25. g3 Nc4 26. Bf4 Rhg8 27. Nb3 g5 28. Bc1 gxh4 29. gxh4 Bxh4 30. Rh1 Bg5 31. Rxh5 Bxc1 32. Rxc1 Rg2 33. Rc2 Rg1+ 34. Rc1 Rxc1+ 35. Nxc1 Nd2+ 36. Kc2 Nxf3 37. Be4 Ne1+ 38. Kd2 Re8 39. Rh4 Bf5 40. Kxe1 Rxe4+ 41. Rxe4 Bxe4 42. Kd2 Kb6 43. Ke3 Bb1 1/2-1/2

[Event "SVK-ch U18/20"]
[Site "Liptovsky Mikulas"]
[Date "2018.04.26"]
[Round "8"]
[White "Lintner, Igor"]
[Black "Gazik, Viktor"]
[Result "0-1"]
[WhiteElo "2184"]
[BlackElo "2477"]
[PlyCount "62"]
[EventDate "2018.04.21"]
[EventType "swiss"]
[EventRounds "9"]
[EventCountry "SVK"]
[SourceTitle "CBM 184 Extra"]
[Source "ChessBase"]
[SourceDate "2018.06.28"]
[SourceVersion "1"]
[SourceVersionDate "2018.06.28"]
[SourceQuality "1"]

1. e4 c5 2. Nf3 Nf6 3. Nc3 d6 4. d4 cxd4 5. Nxd4 a6 6. Nb3 g6 7. Be2 Bg7 8. g4 Nc6 9. Be3 b5 10. f3 Bb7 11. Qd2 h5 12. g5 Nd7 13. 0-0-0 Rc8 14. Kb1 0-0 15. Nd5 Re8 16. Rhf1 e6 17. Nb4 d5 18. Nxc6 Bxc6 19. Bd4 Bxd4 20. Nxd4 Ba8 21. f4 e5 22. fxe5 Nxe5 23. Qf4 Qc7 24. Qf6 dxe4 25. Bxh5 e3 26. Rde1 Bg2 27. Rf4 Re6 28. Qxe6 fxe6 29. Bd1 Bd5 30. Rf6 Qa5 31. Rxe3 Qd2 0-1